| 000 | 00813nam a2200265 4500 | ||
|---|---|---|---|
| 999 |
_c41667 _d41667 |
||
| 001 | 4078360 | ||
| 003 | OSt | ||
| 005 | 20221031141328.0 | ||
| 008 | 740221s1974 maua b 001 0 eng | ||
| 010 | _a 72011473 | ||
| 020 | _a9788185015668 | ||
| 040 |
_aDLC _cDLC _dDLC |
||
| 050 | 0 | 0 |
_aQA300 _b.A573 1974 |
| 082 | 0 | 0 |
_a515 _bAPO/M |
| 100 |
_aApostol, Tom M _93741 |
||
| 245 | 0 | 0 |
_aMathematical analysis _c[by] Tom M. Apostol. |
| 250 | _a2d ed. | ||
| 260 |
_aReading, Mass., _bAddison-Wesley Pub. Co. _c[1974] |
||
| 300 |
_a500 p. _billus. _c25 cm. |
||
| 490 | 0 | _aAddison-Wesley series in mathematics | |
| 504 | _aIncludes bibliographies. | ||
| 650 | 0 | _aMathematical analysis. | |
| 906 |
_a7 _bcbc _corignew _d2 _eocip _f19 _gy-gencatlg |
||
| 942 |
_2ddc _cBK _h515 _iAPO/M _k515 _mAPO/M |
||